Culley v Daejan Properties Ltd (Record no. 82080)

MARC details
000 -LEADER
fixed length control field 01462cad a22002295a 4500
001 - CONTROL NUMBER
control field L149181
008 - FIXED-LENGTH DATA ELEMENTS--GENERAL INFORMATION
fixed length control field 100125e20090907xxk 000 0 eng d
035 ## - SYSTEM CONTROL NUMBER
System control number (Sirsi) u149181
041 0# - LANGUAGE CODE
Language code of text/sound track or separate title eng
245 00 - TITLE STATEMENT
Title Culley v Daejan Properties Ltd
Medium [electronic resource]
260 ## - PUBLICATION, DISTRIBUTION, ETC.
Date of publication, distribution, etc. 2009
520 ## - SUMMARY, ETC.
Summary, etc. [2009] UKUT 167 (LC) LRA/163/2007 7 September 2009. Appeal against Leasehold Valuation Tribunal (LVT) decision in respect of collective enfranchisement claim under Leasehold Reform Housing Urban and Development Act 1993 Sched 6 in respect of block of four 1930's flats in Hillingdon. Two out of four leaseholders participated. "Sportelli v Cadogan" (L146351) [2008] UKHL 72 applied. Hope value of flats of non-participating tenants taken at 10% of marriage value. 5% deferment rate affirmed. Price to be paid for enfranchisment set at £42 883 applied.
590 ## - LOCAL NOTE (RLIN)
Local note KA
650 24 - SUBJECT ADDED ENTRY--TOPICAL TERM
Topical term or geographic name entry element EARL CADOGAN V PITTS & ANOR AND EARL CADOGAN & ORS V SPORTELLI & ANOR AND TWO OTHER ACTIONS
650 24 - SUBJECT ADDED ENTRY--TOPICAL TERM
Topical term or geographic name entry element CULLEY V DAEJAN PROPERTIES LTD
650 24 - SUBJECT ADDED ENTRY--TOPICAL TERM
Topical term or geographic name entry element ZUCKERMAN V TRUSTEES OF CALTHORPE ESTATE
650 24 - SUBJECT ADDED ENTRY--TOPICAL TERM
Topical term or geographic name entry element LEASEHOLD REFORM, HOUSING AND URBAN DEVELOPMENT ACT 1993
651 #4 - SUBJECT ADDED ENTRY--GEOGRAPHIC NAME
Geographic name ENGLAND AND WALES
690 ## - LOCAL SUBJECT ADDED ENTRY--TOPICAL TERM (OCLC, RLIN)
Topical term or geographic name as entry element PROPERTY-RESIDENTIAL PROPERTY-RESIDENTIAL LANDLORD AND TENANT-RESIDENTIAL LEASES-RESIDENTIAL LEASEHOLD ENFRANCHISMENT
856 48 - ELECTRONIC LOCATION AND ACCESS
Uniform Resource Identifier <a href="https://www.landstribunal.gov.uk/Aspx/view.aspx?id=623">https://www.landstribunal.gov.uk/Aspx/view.aspx?id=623</a>
Public note View the item free of charge at www.landstribunal.gov.uk...
942 ## - ADDED ENTRY ELEMENTS (KOHA)
Suppress in OPAC 0
Holdings
Withdrawn status Lost status Source of classification or shelving scheme Damaged status Not for loan Home library Current library Shelving location Date acquired Total Checkouts Full call number Barcode Date last seen Copy number Price effective from Koha item type
    Dewey Decimal Classification     Virtual Virtual Online 25/01/2010   ONLINE PUBLICATION 149181-2001 06/08/2019 1 06/08/2019 Law report